000 00158nam a22000857a 4500
082 _a823
100 _aUNKNOWN
245 _aTHE EMPEROR'S NEW CLOTHES
942 _cBK
999 _c8231
_d8231